| 000 | 00903nam a2200277 i 4500 | ||
|---|---|---|---|
| 003 | DO-SdBNP | ||
| 005 | 20251204073702.0 | ||
| 007 | ta | ||
| 008 | 100226s1983 000 spa d | ||
| 040 |
_aDO-SdBNP _bspa _cBNPHU _erda |
||
| 041 | _asp | ||
| 082 | 4 |
_a347.013 _bC314j _222 |
|
| 245 | 0 | 4 |
_aLas carreras judicial y administrativa : _buna búsqueda de institucionalización./ _cManuel Bergés Chupani ... [et al.] |
| 264 | 1 |
_aSanto Domingo : _bONAP, _c1983. |
|
| 300 |
_a137 páginas ; _c22 cm |
||
| 336 |
_2rdacontent _atexto _btxt |
||
| 337 |
_2rdamedia _asin mediación _bn |
||
| 338 |
_2rdacarrier _avolumen _bnc |
||
| 490 | 1 |
_aseminarios _v6 |
|
| 590 | _aInventariado, 2021 / DG | ||
| 650 | 0 |
_aAdministración de justicia _zRepública Dominicana _910083 |
|
| 650 | 4 |
_aPoder judicial _zRepública Dominicana _910058 |
|
| 830 | 0 |
_n6 _979340 _aseminarios |
|
| 910 | _aDG | ||
| 942 |
_2ddc _cLBS1 |
||
| 999 |
_c15676 _d15676 |
||